000 01915cam a22004337a 4500
003 CHAP
005 20220329140947.0
008 971013s1996 r 00010 d
010 _a60495
011 _a61467
035 _a65633
040 _cCHAP
082 _a338.972
_bI59 1995 Camp.
110 _aInstituto Nacional de Estadística, Geografía e Informática. México
_959304
245 0 _aCuaderno estadístico municipal
_b: Campeche
260 _aAguascalientes, Ags. :
_bINEGI,
_c1996
300 _av.
500 _aLa biblioteca tiene : v.1 Champotón.--v.2 Escárcega.--v.3 Calkini
590 _aBATCH-UPD
_b10
_c20130110
_lUCH01
_h0239
590 _aBATCH-UPD
_b10
_c20130110
_lUCH01
_h1932
590 _aBATCH-UPD
_b10
_c20130409
_lUCH01
_h2305
590 _aBATCH-UPD
_b10
_c20130410
_lUCH01
_h1257
590 _aBATCH-UPD
_b10
_c20130914
_lUCH01
_h0825
590 _aCONVERSION
_b10
_c20130109
_lUCH01
_h1332
650 1 4 _aAgricultura
_xEstadisticas
_zCampeche.
_91447
650 1 4 _aCampeche
_xCondiciones económicas.
_917981
650 1 4 _aCampeche
_xCondiciones sociales.
_917983
650 1 4 _aCampeche
_xEstadísticas.
_917986
650 1 4 _aGanadería
_xEstadísticas
_zCampeche.
_944706
650 1 4 _aMéxico
_xMunicipios.
_976781
901 _aBK
942 _cLIBRO
949 _a338.972 I59 1995 Camp.
_bBC
_cINEGI
_d33724000619680
_eINEGI
_fv.3
_h90978
_i65633
_si
_t33.00
949 _a338.972 I59 1995 Camp.
_bBC
_cINEGI
_d33724000619698
_eINEGI
_fv.3 c.2
_h90977
_i65633
_si
_t32.00
949 _a338.972 I59 1995 Camp.
_bBC
_cINEGI
_d33724000619706
_eINEGI
_fv.1 c.2
_h90975
_i65633
_si
_t33.00
949 _a338.972 I59 1995 Camp.
_bBC
_cINEGI
_d33724000619714
_eINEGI
_fv.2 c.2
_h90976
_i65633
_si
_t33.00
949 _a338.972 I59 1995 Camp.
_bBC
_cINEGI
_d33724000670071
_eINEGI
_fv.2
_gI. c/e
_h90849
_i65633
_si
_t33.00
949 _a338.972 I59 1995 Camp.
_bBC
_cINEGI
_d33724000670089
_eINEGI
_fv.1
_gI. c/e
_h90848
_i65633
_si
_t33.00
999 _c60495
_d60495